Kosovan 2010s Music Quiz: Name the Artist - Statistics

General Stats
  • This quiz has been taken 4 times
  • The average score is 14 of 30
Answer Stats
Song Release Date Artist % Correct
Bonbon 2015 Era Istrefi
100%
U harrum 2017 Ledri Vula
100%
Sa t'kom dasht 2016 Nora Istrefi
100%
Kthema 2017 Ermal Fejzullahu
67%
E kam provuar 2013 Genta Ismajli
67%
Luv luv 2014 MC Kresha
67%
Goditje ne zemer 2013 Sabri Fejzullahu
67%
M 2016 Zanfina Ismaili
67%
Leje Leje 2018 Alberije Hadergjonaj
33%
Ta fali zemra 2019 Albina Kelmendi
33%
Si shiu 2014 Argjentina Ramosaj
33%
Nuk prish pune 2014 Arta Bajrami
33%
Athu 2016 Blero
33%
Akull 2019 Capital T
33%
Kesh kesh 2017 Dhurata Dora
33%
Mbreti nates 2014 Dren Abazi
33%
Hallall te qofte 2018 Edona Llalloshi
33%
Zogo 2019 Fifi
33%
E nxonme 2013 Ghetto Geasy
33%
Ti 2018 Kida
33%
Ma ngat 2014 Leonora Jakupi
33%
Dashni 2015 Majk
33%
Pika pika 2019 Melinda Ademi
33%
Ndarja 2011 Mimoza Shkodra
33%
Madam 2018 Mozzik
33%
Për mua je kryeveper 2013 Remzie Osmani
33%
Hajde zemër 2011 Ryva Kajtazi
33%
Doruntina 2018 Tayna
33%
Ja fala 2019 Teuta Selimi
33%
Najher 2016 Yll Limani
33%
No matching quizzes found
Score Distribution
Percent of People with Each Score
Percentile by Number Answered
Your Score History
You have not taken this quiz